Revista Jurd̕ica Piľagus

Bibliographic Details
Format: eBook
Language:Spanish
Published: [S.l.] : Universidad Surcolombiana, 2000 -
Subjects:
Online Access:Acceso restringido

MARC

LEADER 00000nam a22000007a 4500
005 20170518124826.0
007 cr|||| ||||
008 170518c20009999co ar|| s|||| 0|||b1spa d
035 |a 14616 
040 |a vLex 
090 |c 6658  |d 6658 
245 0 0 |a Revista Jurd̕ica Piľagus  |h [Recurso electrn̤ico] 
256 |a Servicio en ln̕ea 
260 |a [S.l.] :  |b Universidad Surcolombiana,  |c 2000 - 
300 |a 1 recurso electrn̤ico 
310 |a Anual 
362 |a Nm︢. 1 (2000) -  
506 0 |a Contenido disponible en los productos indicados  |d vLex Global  |d vLex Global (Academic Edition, excluding Law Schools)  |d vLex Global (U.S. Academic Edition, Law Schools)  |d vLex Global (U.S. Academic Edition, excluding Law Schools)  |d vLex Global (Academic Edition, Law Schools) 
650 0 4 |a Derecho  |z Colombia 
740 0 |a vLex Revistas (servicio en ln̕ea) 
856 4 0 |u http://vlex.com/source/revista-pliegos-14616  |z Acceso restringido 
942 |c REV 
999 0 |a Law